Oru yogiyude atmakatha (ഒരു യോഗിയുടെ ആത്മകഥ) (Record no. 93366)
[ view plain ]
| 000 -LEADER | |
|---|---|
| fixed length control field | a |
| 005 - DATE AND TIME OF LATEST TRANSACTION | |
| control field | 20190724141548.0 |
| 008 - FIXED-LENGTH DATA ELEMENTS--GENERAL INFORMATION | |
| fixed length control field | 190724b ||||| |||| 00| 0 eng d |
| 020 ## - INTERNATIONAL STANDARD BOOK NUMBER | |
| International Standard Book Number | 9788126452774 |
| 080 ## - UNIVERSAL DECIMAL CLASSIFICATION NUMBER | |
| Universal Decimal Classification number | 92(YOG)=M |
| Item number | YOG |
| 100 ## - MAIN ENTRY--PERSONAL NAME | |
| Personal name | Yogananda, Paramahansa |
| 245 ## - TITLE STATEMENT | |
| Title | Oru yogiyude atmakatha (ഒരു യോഗിയുടെ ആത്മകഥ) |
| 260 ## - PUBLICATION, DISTRIBUTION, ETC. (IMPRINT) | |
| Place of publication, distribution, etc | Kottayam |
| Name of publisher, distributor, etc | DCB |
| Date of publication, distribution, etc | 2017 |
| 300 ## - PHYSICAL DESCRIPTION | |
| Extent | 511 p. |
| 653 ## - INDEX TERM--UNCONTROLLED | |
| Uncontrolled term | Autobiography |
| 700 ## - ADDED ENTRY--PERSONAL NAME | |
| Personal name | Manoj Varma Tr.by |
| 942 ## - ADDED ENTRY ELEMENTS (KOHA) | |
| item type | Books |
| Lost status | Source of classification or shelving scheme | Not for loan | Home library | Current library | Date acquired | Cost, normal purchase price | Total Checkouts | Full call number | Barcode | Date last seen | Date checked out | Cost, replacement price | Price effective from | Koha item type |
|---|---|---|---|---|---|---|---|---|---|---|---|---|---|---|
| Universal Decimal Classification | University Library | University Library | 23/03/2018 | 0.00 | 2 | 92(YOG)=M YOG | 00082411 | 02/12/2024 | 23/10/2024 | 0.00 | 23/03/2018 | Books |
